Statistics for management (Record no. 115235)

MARC details
000 -LEADER
fixed length control field 00235 a2200109 4500
020 ## - INTERNATIONAL STANDARD BOOK NUMBER
International Standard Book Number 9789332581180
100 ## - MAIN ENTRY--PERSONAL NAME
Personal name Richard I. Levin
245 ## - TITLE STATEMENT
Title Statistics for management
250 ## - EDITION STATEMENT
Edition statement 8th ed.
260 ## - PUBLICATION, DISTRIBUTION, ETC. (IMPRINT)
Name of publisher, distributor, etc Pearson
Date of publication, distribution, etc 2025
942 ## - ADDED ENTRY ELEMENTS (KOHA)
Koha item type On order/under processing
Holdings
Withdrawn status Lost status Damaged status Not for loan Home library Current library Date acquired Source of acquisition Cost, normal purchase price Total Checkouts Barcode Date last seen Cost, replacement price Price effective from Koha item type
        University Library University Library 24/02/2026 94 776.00   00097314 24/02/2026 970.00 24/02/2026 On order/under processing
University Library, CUSAT